000 00176nam a22000857a 4500
001 1233373
005 20250924131419.0
245 _aYALANCI DÜNYA
_cORHAN KEMAL
260 _bEVEREST
999 _c1233373
_d1233373